| 000 | 00335nam a22001337a 4500 | ||
|---|---|---|---|
| 008 | 181106b xxu||||| |||| 00| 0 eng d | ||
| 020 | _a068304513-X | ||
| 041 | _aeng | ||
| 080 |
_24th _a159.9 |
||
| 100 | _a48 | ||
| 101 | _aPSI | ||
| 245 |
_aModern Synopsis of Comprehensive textbook of Psychiatry / IV _cKaplan,H.I |
||
| 942 |
_2udc _cBK |
||
| 999 |
_c51996 _d51996 |
||